00317nam a2200121Ia 4500008004100000041000800041082001500049100001600064245003900080260003700119300003200156365000700188240624s9999 xx 000 0 und d aeng a303.34 HAR aHARARI OREN aLEADERSHIP SECRETS OF COLIN POWELL c2003aNew DelhibTata McGrawhill aviii, : 278 : p. : cm. ; 22 cRS